| 000 | 00545nam a2200217Ia 4500 | ||
|---|---|---|---|
| 005 | 20250505124916.0 | ||
| 008 | 008 250505s9999 xx 000 0 eng d | ||
| 037 | _aReference | ||
| 040 |
_aLCO _beng _cLCO |
||
| 041 |
_aeng _2eng |
||
| 084 |
_aZ2,181 R3 _qLCO |
||
| 100 | _aMotilal | ||
| 245 | 0 |
_aCorporate inseparable _cMotilal |
|
| 260 |
_aLucknow, India _bEastern Book Company _c2023 |
||
| 300 | _a1866 | ||
| 365 | _aINR | ||
| 490 | _v2 | ||
| 650 | _aLaw | ||
| 942 |
_cREF _hZ2,181 R3 |
||
| 999 |
_c1310622 _d1310622 |
||